Suitability of drip automation systems for optimal irrigation scheduling (Record no. 15117)
[ view plain ]
| 000 -LEADER | |
|---|---|
| fixed length control field | 00669nam a22001817a 4500 |
| 003 - CONTROL NUMBER IDENTIFIER | |
| control field | OSt |
| 088 ## - REPORT NUMBER | |
| Report number | T 321 |
| 100 ## - MAIN ENTRY--AUTHOR NAME | |
| Personal name | MANASA K |
| 245 ## - TITLE STATEMENT | |
| Title | Suitability of drip automation systems for optimal irrigation scheduling |
| 260 ## - PUBLICATION, DISTRIBUTION, ETC. (IMPRINT) | |
| Place of publication | Tavanur 2015 |
| Name of publisher | DEPARTMENT OF IRRIGATION AND DRAINAGE ENGINEERING |
| 300 ## - PHYSICAL DESCRIPTION | |
| Number of Pages | 105 |
| 500 ## - GENERAL NOTE | |
| General note | Suitability of drip automation systems for optimal irrigation scheduling |
| 520 ## - SUMMARY, ETC. | |
| Summary, etc | Suitability of drip automation systems for optimal irrigation scheduling |
| 700 ## - ADDED ENTRY--PERSONAL NAME | |
| Personal name | Dr. Reema K. P (Guide) |
| 856 ## - ELECTRONIC LOCATION AND ACCESS | |
| Uniform Resource Identifier | https://drive.google.com/open?id=14cNs3l-e8qs8qEd4b935lUAO6n3QgKpg |
| 942 ## - ADDED ENTRY ELEMENTS (KOHA) | |
| Koha item type | Theses |
| Collection code | Home library | Current library | Shelving location | Full call number | Accession Number | Koha item type | Public note |
|---|---|---|---|---|---|---|---|
| Reference | KAUAET | KAUAET | Reference | 631.587 MAN/SU | T 321 | Theses | M.Tech Thesis |
